Pelas y Melisanda /

I tiakina i:
Ngā taipitopito rārangi puna kōrero
Kaituhi matua: Maeterlinck, Maurice (autor)
Hōputu: Pukapuka
Reo:Pāniora
Ngā marau:
Ngā Tūtohu: Tāpirihia he Tūtohu
Kāore He Tūtohu, Me noho koe te mea tuatahi ki te tūtohu i tēnei pūkete!

MARC

LEADER 00000nam^a2200000^a^4500
001 000139514
005 20250521000000.0
009 20260310095508.122
037 |a Acervo ITESO - Biblioteca 
041 |a ESP 
082 |a 842.  |b MAE 
100 |a Maeterlinck, Maurice  |e (autor) 
240 1 1 |a [Aladina y Palomides] 
240 1 1 |a [Interior, de Maurice Maeterlinck] 
240 1 4 |a [La muerte de Tintagiles] 
240 1 1 |a [Peleas y Melisande] 
245 1 0 |a Pelas y Melisanda /  |c M. Maeterlinck ; tr. por G. Martínez Sierra. 
264 |a México? :  |b Renacimiento,  |c fecha no identificada 
300 |a 272 p. 
336 |a texto  |b txt  |2 rdacontenido 
337 |a sin mediación  |b n  |2 rdamedio 
338 |a volumen  |b nc  |2 rdasoporte 
500 |a Traducción de: Pelléas et Mélisande 
500 |a Traducción de: Alladine et Palomides 
500 |a Traducción de: Intérieur 
500 |a Traducción de: La mort de Tintagiles 
545 0 |a Maurice Maeterlinck (1862-1949), dramaturgo, poeta y ensayista belga en lengua francesa, se dio a conocer con un libro de poemas (Invernaderos cálidos, 1889) y con un drama de tema fantástico (La princesa Maleine, 1889). A ellos le siguieron a éstas numerosas obras teatrales: La intrusa (1890), Los ciegos (1891), Las siete princesas (1891), Pelléas et Mélisande (1892), Aglavena y Seliseta (1894) y un nuevo libro de poesía Doce canciones (1896), transformadas en Quince canciones (1900) en una edición posterior. También de 1896 es El tesoro de los humildes, primero de una larga serie de ensayos filosóficos y científicos que incluye La sabiduría y el destino (1898), La vida de las abejas (1901), La vida de las termitas (1927) y La vida de las hormigas (1930). Sin embargo, el gran éxito de Maeterlinck fue su fábula teatral El pájaro azul (1909), considerada su obra maestra y aparecida dos años antes que su autor recibiera el Premio Nobel. 
586 |a Premio Nobel de Literatura 1911 
649 |a XX 
650 |a Teatro Belga 
650 |a Literatura en Francés -  |z Bélgica 
650 |a Literatura Belga -  |y Siglo XIX 
740 0 |a Aladina y Palomides /  |c M. Maeterlinck ; tr. por G. Martínez Sierra. 
740 0 |a Interior /  |c M. Maeterlinck ; tr. por G. Martínez Sierra. 
740 3 |a La muerte de Tintagiles /  |c M. Maeterlinck ; tr. por G. Martínez Sierra. 
910 |a Fondo Salvador Reynoso Reynoso 
920 |a Impresos - Libros 
930 |a Fondos Especiales 
940 |a Literatura 
905 |a 112 
901 |a 0800014703  |b IT2  |c ESP  |u 20250521 
902 |a https://opac.biblio.iteso.mx/vufind/Record/000139514